[Event "DEM U14w 2018"]
[Site "Willingen GER"]
[Date "2018.05.22"]
[Round "4"]
[White "Wucherer, Sophie"]
[Black "Fuchs, Emily"]
[Result "1-0"]
[Termination "normal"]
[Board "12"]
[WhiteElo "1340"]
[BlackElo "1280"]
[WhiteClock "00:41:16"]
[BlackClock "00:04:40"]
[PlyCount "58"]
[WhiteFideId "16225473"]
[BlackFideId "16208986"]
[EventCountry "GER"]
[EventRounds "9"]
[EventType "swiss"]
[EventDate "2018.05.19"]

1. d4 {[%clk 1:30:58]} 1... Nf6 {[%clk 1:30:53]} 2. Nf3 {[%clk 1:31:20]} 2...
e6 {[%clk 1:30:59]} 3. c4 {[%clk 1:30:57]} 3... b6 {[%clk 1:29:37]} 4. Bf4 {
[%clk 1:30:56]} 4... Bb7 {[%clk 1:26:41]} 5. e3 {[%clk 1:31:08]} 5... d5 {
[%clk 1:22:24]} 6. Bd3 {[%clk 1:28:52]} 6... c5 {[%clk 1:20:38]} 7. O-O { [%clk
1:28:16]} 7... Nc6 {[%clk 1:17:51]} 8. a3 {[%clk 1:27:15]} 8... Be7 { [%clk
1:16:02]} 9. Nc3 {[%clk 1:24:03]} 9... O-O {[%clk 1:15:37]} 10. Qe2 { [%clk
1:22:42]} 10... dxc4 {[%clk 1:10:21]} 11. Bxc4 {[%clk 1:22:40]} 11... Na5
{[%clk 0:57:13]} 12. Ba2 {[%clk 1:18:53]} 12... Bxf3 {[%clk 0:49:40]} 13. Qxf3
{[%clk 1:17:59]} 13... cxd4 {[%clk 0:49:41]} 14. Rad1 {[%clk 1:10:16]} 14...
Qe8 {[%clk 0:40:10]} 15. exd4 {[%clk 1:05:40]} 15... Nc6 {[%clk 0:27:53]} 16.
Rfe1 {[%clk 1:02:50]} 16... Qd7 {[%clk 0:23:25]} 17. d5 {[%clk 1:00:37]} 17...
exd5 {[%clk 0:23:29]} 18. Nxd5 {[%clk 1:00:26]} 18... Nxd5 {[%clk 0:15:35]} 19.
Bxd5 {[%clk 0:59:23]} 19... Nd4 {[%clk 0:09:16]} 20. Rxd4 {[%clk 0:57:48]}
20... Kh8 {[%clk 0:08:32]} 21. Bxa8 {[%clk 0:52:41]} 21... Qxd4 {[%clk 0:08:35]
} 22. Rxe7 {[%clk 0:52:06]} 22... Qxb2 {[%clk 0:08:16]} 23. h3 {[%clk 0:49:24]}
23... h6 {[%clk 0:06:27]} 24. Bc6 {[%clk 0:46:33]} 24... Kh7 {[%clk 0:05:50]}
25. Be5 {[%clk 0:43:22]} 25... Qc1+ {[%clk 0:04:35]} 26. Kh2 {[%clk 0:43:39]}
26... f6 {[%clk 0:04:46]} 27. Be4+ {[%clk 0:41:31]} 27... f5 {[%clk 0:04:16]}
28. Rxg7+ {[%clk 0:41:40]} 28... Kh8 {[%clk 0:04:40]} 29. Rc7+ {[%clk 0:41:16]}
29... Kg8 1-0

[Event "DEM U14w 2018"]
[Site "Willingen GER"]
[Date "2018.05.22"]
[Round "4"]
[White "Zixin, Li"]
[Black "Mellugja, Ornela"]
[Result "1-0"]
[Termination "normal"]
[Board "13"]
[WhiteElo "1423"]
[BlackElo "747"]
[WhiteClock "00:38:58"]
[BlackClock "01:16:12"]
[PlyCount "79"]
[WhiteFideId "16244770"]
[BlackFideId "16265998"]
[EventCountry "GER"]
[EventRounds "9"]
[EventType "swiss"]
[EventDate "2018.05.19"]

1. e4 {[%clk 1:30:58]} 1... e6 {[%clk 1:30:39]} 2. d4 {[%clk 1:31:09]} 2... d6
{[%clk 1:30:25]} 3. Nc3 {[%clk 1:29:47]} 3... Nf6 {[%clk 1:30:01]} 4. Bd3 {
[%clk 1:28:00]} 4... Nc6 {[%clk 1:30:02]} 5. Be3 {[%clk 1:23:02]} 5... d5 {
[%clk 1:27:26]} 6. e5 {[%clk 1:22:55]} 6... Nd7 {[%clk 1:26:11]} 7. a3 { [%clk
1:17:11]} 7... Be7 {[%clk 1:24:20]} 8. f4 {[%clk 1:09:05]} 8... O-O { [%clk
1:24:15]} 9. g3 {[%clk 0:57:58]} 9... h6 {[%clk 1:24:28]} 10. Qh5 { [%clk
0:55:34]} 10... Qe8 {[%clk 1:23:50]} 11. f5 {[%clk 0:52:39]} 11... f6 12. Qxe8
{[%clk 0:42:25]} 12... Rxe8 {[%clk 1:23:16]} 13. fxe6 {[%clk 0:42:35]} 13...
Nf8 {[%clk 1:22:39]} 14. Nxd5 {[%clk 0:42:21]} 14... Bd8 {[%clk 1:21:34]} 15.
exf6 {[%clk 0:39:54]} 15... Rxe6 {[%clk 1:20:43]} 16. fxg7 {[%clk 0:39:31]}
16... Kxg7 {[%clk 1:17:39]} 17. Nf3 {[%clk 0:38:43]} 17... Ng6 {[%clk 1:15:38]}
18. Ke2 {[%clk 0:37:26]} 18... Nge7 {[%clk 1:15:16]} 19. Nf4 {[%clk 0:36:55]}
19... Nxd4+ {[%clk 1:15:07]} 20. Nxd4 {[%clk 0:37:10]} 20... Rb6 { [%clk
1:14:50]} 21. Nde6+ {[%clk 0:36:41]} 21... Bxe6 {[%clk 1:14:22]} 22. Bxb6
{[%clk 0:37:05]} 22... axb6 {[%clk 1:14:42]} 23. Nxe6+ {[%clk 0:37:30]} 23...
Kf7 {[%clk 1:14:47]} 24. Nxd8+ {[%clk 0:37:30]} 24... Rxd8 {[%clk 1:14:51]} 25.
Rhf1+ {[%clk 0:37:03]} 25... Ke6 {[%clk 1:15:00]} 26. Rae1 {[%clk 0:37:09]}
26... Rd5 {[%clk 1:15:00]} 27. Bc4 {[%clk 0:37:12]} 27... b5 {[%clk 1:14:33]}
28. Bxd5+ {[%clk 0:37:34]} 28... Nxd5 {[%clk 1:14:53]} 29. Kd3+ {[%clk 0:37:38]
} 29... Kd6 {[%clk 1:14:59]} 30. Kd4 {[%clk 0:37:18]} 30... c5+ {[%clk 1:15:05]
} 31. Ke4 {[%clk 0:36:54]} 31... b4 {[%clk 1:15:18]} 32. Rd1 {[%clk 0:36:41]}
32... bxa3 {[%clk 1:15:19]} 33. Rxd5+ {[%clk 0:37:05]} 33... Kc6 { [%clk
1:15:28]} 34. bxa3 {[%clk 0:37:29]} 34... b5 {[%clk 1:15:33]} 35. Rf6+ { [%clk
0:37:43]} 35... Kc7 {[%clk 1:15:37]} 36. Rxc5+ {[%clk 0:38:04]} 36... Kd7
{[%clk 1:15:35]} 37. Rxb5 {[%clk 0:38:24]} 37... Ke7 {[%clk 1:15:53]} 38. Rbb6
{[%clk 0:38:47]} 38... Kd7 {[%clk 1:16:04]} 39. Rb7+ {[%clk 0:38:58]} 39... Kd8
{[%clk 1:16:12]} 40. Rf8# 1-0

[Event "DEM U14w 2018"]
[Site "Willingen GER"]
[Date "2018.05.23"]
[Round "5"]
[White "Ziegenfuß, Antonia"]
[Black "Brunner, Sophia"]
[Result "1/2-1/2"]
[Termination "normal"]
[Board "1"]
[WhiteElo "1956"]
[BlackElo "1742"]
[WhiteClock "00:03:02"]
[BlackClock "00:06:17"]
[PlyCount "103"]
[WhiteFideId "12962554"]
[BlackFideId "12960683"]
[EventCountry "GER"]
[EventRounds "9"]
[EventType "swiss"]
[EventDate "2018.05.19"]

1. d4 {[%clk 1:30:58]} 1... d5 {[%clk 1:30:53]} 2. c4 {[%clk 1:31:23]} 2...
dxc4 {[%clk 1:31:16]} 3. e3 {[%clk 1:31:37]} 3... e5 {[%clk 1:31:23]} 4. Bxc4 {
[%clk 1:31:20]} 4... exd4 {[%clk 1:31:47]} 5. exd4 {[%clk 1:31:33]} 5... Nf6 {
[%clk 1:31:29]} 6. Nf3 {[%clk 1:29:24]} 6... Be7 {[%clk 1:23:40]} 7. O-O {
[%clk 1:29:38]} 7... O-O {[%clk 1:21:09]} 8. h3 {[%clk 1:26:49]} 8... Nbd7 {
[%clk 1:21:25]} 9. Nc3 {[%clk 1:22:47]} 9... Nb6 {[%clk 1:21:36]} 10. Bb3 {
[%clk 1:19:51]} 10... c6 {[%clk 1:19:02]} 11. Bf4 {[%clk 1:13:07]} 11... Nbd5 {
[%clk 1:16:13]} 12. Bh2 {[%clk 1:08:52]} 12... h6 {[%clk 1:02:18]} 13. Re1 {
[%clk 1:05:35]} 13... Be6 {[%clk 1:01:34]} 14. Rc1 {[%clk 1:01:50]} 14... Bd6 {
[%clk 0:52:13]} 15. Be5 {[%clk 0:58:05]} 15... Nxc3 {[%clk 0:40:19]} 16. bxc3 {
[%clk 0:52:58]} 16... Bxe5 {[%clk 0:34:26]} 17. Nxe5 {[%clk 0:50:19]} 17... Re8
{[%clk 0:26:35]} 18. Bxe6 {[%clk 0:40:37]} 18... Rxe6 {[%clk 0:26:38]} 19. Qb3
{[%clk 0:39:52]} 19... Qb6 {[%clk 0:19:58]} 20. Rb1 {[%clk 0:24:20]} 20... Qxb3
{[%clk 0:20:07]} 21. Rxb3 {[%clk 0:24:35]} 21... b6 {[%clk 0:20:07]} 22. Kf1 {
[%clk 0:17:56]} 22... Rae8 {[%clk 0:18:50]} 23. Nf3 {[%clk 0:13:27]} 23...
Rxe1+ {[%clk 0:18:22]} 24. Nxe1 {[%clk 0:13:51]} 24... Ne4 {[%clk 0:17:26]} 25.
Nf3 {[%clk 0:13:54]} 25... Kf8 {[%clk 0:17:11]} 26. c4 {[%clk 0:12:13]} 26...
f6 {[%clk 0:15:30]} 27. g4 {[%clk 0:08:55]} 27... g5 {[%clk 0:15:10]} 28. Re3 {
[%clk 0:08:49]} 28... Ng3+ {[%clk 0:14:45]} 29. Ke1 {[%clk 0:08:42]} 29...
Rxe3+ {[%clk 0:14:50]} 30. fxe3 {[%clk 0:09:07]} 30... Ne4 {[%clk 0:15:01]} 31.
a3 {[%clk 0:07:30]} 31... Ke7 {[%clk 0:15:05]} 32. Nd2 {[%clk 0:05:36]} 32...
Nd6 {[%clk 0:14:24]} 33. Ke2 {[%clk 0:05:35]} 33... Ke6 {[%clk 0:14:17]} 34.
Kf3 {[%clk 0:04:43]} 34... Nb7 {[%clk 0:09:16]} 35. e4 {[%clk 0:03:29]} 35...
Na5 {[%clk 0:04:54]} 36. Ke3 {[%clk 0:02:45]} 36... a6 {[%clk 0:04:10]} 37. a4
{[%clk 0:02:19]} 37... c5 {[%clk 0:03:14]} 38. d5+ {[%clk 0:02:14]} 38... Ke5 {
[%clk 0:03:04]} 39. Nf3+ {[%clk 0:02:32]} 39... Kd6 {[%clk 0:03:26]} 40. Kd3 {
[%clk 0:02:53]} 40... Nb3 {[%clk 0:02:53]} 41. e5+ {[%clk 0:26:04]} 41... fxe5
{[%clk 0:21:16]} 42. Ke4 {[%clk 0:26:23]} 42... b5 {[%clk 0:16:40]} 43. cxb5 {
[%clk 0:10:31]} 43... axb5 {[%clk 0:15:51]} 44. axb5 {[%clk 0:10:48]} 44... Nd4
{[%clk 0:08:34]} 45. Nxe5 {[%clk 0:08:56]} 45... Nxb5 {[%clk 0:08:46]} 46. Nf7+
{[%clk 0:04:42]} 46... Ke7 {[%clk 0:04:33]} 47. Nxh6 {[%clk 0:04:59]} 47... Kf6
{[%clk 0:04:46]} 48. Nf5 {[%clk 0:04:17]} 48... Nc3+ {[%clk 0:05:03]} 49. Kd3 {
[%clk 0:03:59]} 49... Nxd5 {[%clk 0:05:31]} 50. Kc4 {[%clk 0:02:29]} 50... Nf4
{[%clk 0:05:55]} 51. Kxc5 {[%clk 0:02:51]} 51... Nxh3 {[%clk 0:06:17]} 52. Kd6
{[%clk 0:03:02]} 1/2-1/2

[Event "DEM U14w 2018"]
[Site "Willingen GER"]
[Date "2018.05.23"]
[Round "5"]
[White "Schnabel, Luise"]
[Black "Bardorz, Jana"]
[Result "1/2-1/2"]
[Termination "normal"]
[Board "2"]
[WhiteElo "1717"]
[BlackElo "1622"]
[WhiteClock "00:29:58"]
[BlackClock "00:38:20"]
[PlyCount "84"]
[WhiteFideId "12943347"]
[BlackFideId "16208897"]
[EventCountry "GER"]
[EventRounds "9"]
[EventType "swiss"]
[EventDate "2018.05.19"]

1. e4 {[%clk 1:30:57]} 1... e5 {[%clk 1:30:55]} 2. Nf3 {[%clk 1:31:21]} 2...
Nc6 {[%clk 1:31:21]} 3. Bb5 {[%clk 1:31:44]} 3... a6 {[%clk 1:31:44]} 4. Bxc6 {
[%clk 1:32:03]} 4... dxc6 {[%clk 1:32:08]} 5. O-O {[%clk 1:32:24]} 5... f6 {
[%clk 1:32:30]} 6. d4 {[%clk 1:32:27]} 6... exd4 {[%clk 1:32:51]} 7. Nxd4 {
[%clk 1:32:39]} 7... c5 {[%clk 1:32:38]} 8. Nf3 {[%clk 1:27:48]} 8... Qxd1 {
[%clk 1:30:46]} 9. Rxd1 {[%clk 1:28:09]} 9... Bd7 {[%clk 1:23:52]} 10. Nc3 {
[%clk 1:14:43]} 10... O-O-O {[%clk 1:19:42]} 11. Be3 {[%clk 1:09:55]} 11... Bd6
{[%clk 1:13:32]} 12. Nd2 {[%clk 1:05:27]} 12... Be6 {[%clk 1:08:59]} 13. a4 {
[%clk 1:00:41]} 13... b6 {[%clk 1:00:09]} 14. f4 {[%clk 0:53:49]} 14... Ne7 {
[%clk 0:55:54]} 15. Nf3 {[%clk 0:49:37]} 15... Nc6 {[%clk 0:53:46]} 16. Rab1 {
[%clk 0:31:13]} 16... Rhe8 {[%clk 0:48:16]} 17. Kf2 {[%clk 0:27:27]} 17... Bf7
{[%clk 0:42:19]} 18. g4 {[%clk 0:23:02]} 18... Bg6 {[%clk 0:38:10]} 19. f5 {
[%clk 0:17:36]} 19... Bf7 {[%clk 0:38:27]} 20. g5 {[%clk 0:16:30]} 20... Ne5 {
[%clk 0:34:47]} 21. Nxe5 {[%clk 0:14:50]} 21... Bxe5 {[%clk 0:34:09]} 22. Rxd8+
{[%clk 0:14:02]} 22... Kxd8 {[%clk 0:31:55]} 23. Nd5 {[%clk 0:08:23]} 23...
Bxd5 {[%clk 0:26:06]} 24. exd5 {[%clk 0:08:45]} 24... Bd4 {[%clk 0:24:22]} 25.
Bxd4 {[%clk 0:08:02]} 25... cxd4 {[%clk 0:24:45]} 26. gxf6 {[%clk 0:07:25]}
26... gxf6 {[%clk 0:23:49]} 27. Rd1 {[%clk 0:06:35]} 27... Re5 {[%clk 0:22:15]}
28. Rxd4 {[%clk 0:06:10]} 28... Rxf5+ {[%clk 0:20:47]} 29. Kg3 {[%clk 0:06:15]}
29... Kd7 {[%clk 0:19:41]} 30. c4 {[%clk 0:06:01]} 30... Kd6 {[%clk 0:18:09]}
31. b3 {[%clk 0:04:10]} 31... Kc5 {[%clk 0:16:39]} 32. Rg4 {[%clk 0:02:21]}
32... Rg5 {[%clk 0:12:34]} 33. h4 {[%clk 0:01:17]} 33... Rxg4+ {[%clk 0:12:10]}
34. Kxg4 {[%clk 0:01:43]} 34... Kb4 {[%clk 0:12:24]} 35. Kf5 {[%clk 0:01:57]}
35... Kxb3 {[%clk 0:11:57]} 36. a5 {[%clk 0:02:10]} 36... bxa5 {[%clk 0:09:20]}
37. c5 {[%clk 0:02:15]} 37... a4 {[%clk 0:09:29]} 38. d6 {[%clk 0:02:31]} 38...
cxd6 {[%clk 0:09:15]} 39. cxd6 {[%clk 0:02:23]} 39... a3 {[%clk 0:07:49]} 40.
d7 {[%clk 0:02:45]} 40... a2 {[%clk 0:08:13]} 41. d8=Q {[%clk 0:02:45]} 41...
a1=Q {[%clk 0:08:35]} 42. Qb6+ {[%clk 0:29:58]} 42... Kc2 {[%clk 0:38:20]}
1/2-1/2

[Event "DEM U14w 2018"]
[Site "Willingen GER"]
[Date "2018.05.23"]
[Round "5"]
[White "Wagner, Victoria"]
[Black "Glinzner, Alva"]
[Result "0-1"]
[Termination "normal"]
[Board "4"]
[WhiteElo "1700"]
[BlackElo "1813"]
[WhiteClock "00:20:23"]
[BlackClock "00:33:49"]
[PlyCount "50"]
[WhiteFideId "16232348"]
[BlackFideId "16206169"]
[EventCountry "GER"]
[EventRounds "9"]
[EventType "swiss"]
[EventDate "2018.05.19"]

1. e4 {[%clk 1:30:57]} 1... c6 {[%clk 1:30:54]} 2. d4 {[%clk 1:31:15]} 2... d5
{[%clk 1:31:20]} 3. exd5 {[%clk 1:31:20]} 3... cxd5 {[%clk 1:31:45]} 4. Bd3 {
[%clk 1:31:41]} 4... Nc6 {[%clk 1:32:05]} 5. c3 {[%clk 1:31:44]} 5... Qc7 {
[%clk 1:32:12]} 6. h3 {[%clk 1:30:48]} 6... e6 {[%clk 1:27:14]} 7. Nf3 { [%clk
1:29:20]} 7... Nf6 {[%clk 1:27:22]} 8. Be3 {[%clk 1:28:00]} 8... Bd6 { [%clk
1:26:59]} 9. Nbd2 {[%clk 1:26:22]} 9... h6 {[%clk 1:24:58]} 10. Qc2 { [%clk
1:21:43]} 10... Bd7 {[%clk 1:24:32]} 11. Rc1 {[%clk 1:18:36]} 11... Rc8 { [%clk
1:24:33]} 12. Qb1 {[%clk 1:13:23]} 12... O-O {[%clk 1:16:07]} 13. O-O { [%clk
1:13:04]} 13... Qb8 {[%clk 1:15:25]} 14. Rfe1 {[%clk 1:10:23]} 14... Rfd8
{[%clk 1:00:43]} 15. Nb3 {[%clk 1:06:23]} 15... b6 {[%clk 0:55:48]} 16. Nbd2 {
[%clk 0:56:43]} 16... Rc7 {[%clk 0:55:21]} 17. Kh1 {[%clk 0:44:45]} 17... Bc8 {
[%clk 0:53:38]} 18. a3 {[%clk 0:37:39]} 18... Bb7 {[%clk 0:50:38]} 19. b4 {
[%clk 0:32:29]} 19... Rcc8 {[%clk 0:47:55]} 20. Nb3 {[%clk 0:29:15]} 20... Ne7
{[%clk 0:44:28]} 21. Ne5 {[%clk 0:26:07]} 21... Ne4 {[%clk 0:39:11]} 22. Bxe4 {
[%clk 0:24:00]} 22... dxe4 {[%clk 0:39:33]} 23. Nd2 {[%clk 0:22:27]} 23... Bxe5
{[%clk 0:36:37]} 24. dxe5 {[%clk 0:22:43]} 24... Rd3 {[%clk 0:33:30]} 25. Bd4 {
[%clk 0:20:23]} 25... Rxd2 {[%clk 0:33:49]} 0-1

[Event "DEM U14w 2018"]
[Site "Willingen GER"]
[Date "2018.05.23"]
[Round "5"]
[White "Reuter, Elisa"]
[Black "Liu, Sijia Anna"]
[Result "1/2-1/2"]
[Termination "normal"]
[Board "5"]
[WhiteElo "1835"]
[BlackElo "1748"]
[WhiteClock "00:07:10"]
[BlackClock "00:14:01"]
[PlyCount "86"]
[WhiteFideId "12995444"]
[BlackFideId "12989746"]
[EventCountry "GER"]
[EventRounds "9"]
[EventType "swiss"]
[EventDate "2018.05.19"]

1. e4 {[%clk 1:30:59]} 1... c5 {[%clk 1:30:53]} 2. Nf3 {[%clk 1:31:24]} 2... d6
{[%clk 1:31:10]} 3. d4 {[%clk 1:31:49]} 3... cxd4 {[%clk 1:31:32]} 4. Nxd4 {
[%clk 1:32:14]} 4... Nf6 {[%clk 1:31:53]} 5. Nc3 {[%clk 1:32:40]} 5... a6 {
[%clk 1:32:08]} 6. Be2 {[%clk 1:32:46]} 6... e6 {[%clk 1:31:46]} 7. O-O { [%clk
1:33:01]} 7... Be7 {[%clk 1:31:46]} 8. Be3 {[%clk 1:33:24]} 8... b5 { [%clk
1:30:25]} 9. a3 {[%clk 1:33:26]} 9... O-O {[%clk 1:30:08]} 10. f4 { [%clk
1:33:33]} 10... Bb7 {[%clk 1:29:06]} 11. Bf3 {[%clk 1:32:58]} 11... Nc6 { [%clk
1:25:40]} 12. Kh1 {[%clk 1:32:25]} 12... Qc7 {[%clk 1:23:00]} 13. g4 { [%clk
1:31:44]} 13... Nxd4 {[%clk 1:13:53]} 14. Qxd4 {[%clk 1:31:14]} 14... e5 {[%clk
1:09:54]} 15. Qd2 {[%clk 1:26:58]} 15... d5 {[%clk 1:04:57]} 16. exd5 { [%clk
1:24:34]} 16... e4 {[%clk 1:03:54]} 17. Nxe4 {[%clk 1:19:41]} 17... Nxd5 {[%clk
1:03:46]} 18. c3 {[%clk 1:11:10]} 18... Rad8 {[%clk 1:01:41]} 19. Bg2 { [%clk
0:59:24]} 19... Rfe8 {[%clk 0:53:17]} 20. Bd4 {[%clk 0:56:48]} 20... Nf6 {[%clk
0:47:03]} 21. Nxf6+ {[%clk 0:47:51]} 21... Bxf6 {[%clk 0:47:13]} 22. Rad1
{[%clk 0:47:27]} 22... Bxd4 {[%clk 0:43:16]} 23. cxd4 {[%clk 0:47:41]} 23...
Bxg2+ {[%clk 0:43:31]} 24. Kxg2 {[%clk 0:45:06]} 24... Qc4 { [%clk 0:40:33]}
25. Qd3 {[%clk 0:39:09]} 25... Re2+ {[%clk 0:31:32]} 26. Rf2 { [%clk 0:38:55]}
26... Qd5+ {[%clk 0:31:44]} 27. Qf3 {[%clk 0:34:46]} 27... Re4 {[%clk 0:29:20]}
28. Rc2 {[%clk 0:34:11]} 28... h6 {[%clk 0:25:32]} 29. Kg3 { [%clk 0:23:09]}
29... Rxd4 {[%clk 0:23:35]} 30. Qxd5 {[%clk 0:23:10]} 30... R8xd5 {[%clk
0:23:33]} 31. Rxd4 {[%clk 0:23:01]} 31... Rxd4 {[%clk 0:23:57]} 32. Kf3 {[%clk
0:23:24]} 32... Kf8 {[%clk 0:21:00]} 33. Ke3 {[%clk 0:23:46]} 33... Rd1 {[%clk
0:21:02]} 34. f5 {[%clk 0:16:34]} 34... Ke7 {[%clk 0:18:31]} 35. Rc6 {[%clk
0:08:47]} 35... Rd6 {[%clk 0:15:09]} 36. Rxd6 {[%clk 0:08:04]} 36... Kxd6
{[%clk 0:15:34]} 37. Kd4 {[%clk 0:08:29]} 37... a5 {[%clk 0:15:03]} 38. b4
{[%clk 0:08:09]} 38... axb4 {[%clk 0:13:50]} 39. axb4 {[%clk 0:08:34]} 39... f6
{[%clk 0:13:12]} 40. h4 {[%clk 0:08:13]} 40... Kc6 {[%clk 0:13:27]} 41. h5
{[%clk 0:08:08]} 41... Kd6 {[%clk 0:13:42]} 42. Ke4 {[%clk 0:07:23]} 42... Kc6
{[%clk 0:13:46]} 43. Kd4 {[%clk 0:07:10]} 43... Kd6 {[%clk 0:14:01]} 1/2-1/2

[Event "DEM U14w 2018"]
[Site "Willingen GER"]
[Date "2018.05.23"]
[Round "5"]
[White "Peglau, Mirjam"]
[Black "Kalina, Lena"]
[Result "1-0"]
[Termination "normal"]
[Board "6"]
[WhiteElo "1739"]
[BlackElo "1479"]
[WhiteClock "00:24:02"]
[BlackClock "00:03:20"]
[PlyCount "169"]
[WhiteFideId "16211138"]
[BlackFideId "12988014"]
[EventCountry "GER"]
[EventRounds "9"]
[EventType "swiss"]
[EventDate "2018.05.19"]

1. e4 {[%clk 1:30:59]} 1... c5 {[%clk 1:30:51]} 2. Nf3 {[%clk 1:31:24]} 2... g6
{[%clk 1:31:13]} 3. c3 {[%clk 1:31:11]} 3... Nc6 {[%clk 1:30:24]} 4. d4 { [%clk
1:31:29]} 4... cxd4 {[%clk 1:30:21]} 5. cxd4 {[%clk 1:31:52]} 5... d5 { [%clk
1:29:27]} 6. e5 {[%clk 1:32:02]} 6... Bg7 {[%clk 1:27:42]} 7. Nc3 { [%clk
1:31:27]} 7... a6 {[%clk 1:25:59]} 8. Be2 {[%clk 1:26:17]} 8... e6 { [%clk
1:23:43]} 9. O-O {[%clk 1:22:40]} 9... Nge7 {[%clk 1:22:33]} 10. Be3 { [%clk
1:17:35]} 10... Nf5 {[%clk 1:20:42]} 11. Rc1 {[%clk 1:12:30]} 11... O-O { [%clk
1:19:05]} 12. Na4 {[%clk 1:06:26]} 12... Na5 {[%clk 1:14:54]} 13. b3 { [%clk
1:00:11]} 13... b6 {[%clk 1:12:20]} 14. Bd2 {[%clk 0:57:20]} 14... Nb7 { [%clk
1:05:52]} 15. Qc2 {[%clk 0:53:56]} 15... Bd7 {[%clk 1:02:33]} 16. Qc7 { [%clk
0:52:53]} 16... Bxa4 {[%clk 1:01:34]} 17. Qxb7 {[%clk 0:52:59]} 17... Bb5
{[%clk 1:00:17]} 18. Bxb5 {[%clk 0:52:13]} 18... axb5 {[%clk 1:00:06]} 19. Rc2
{[%clk 0:51:18]} 19... Qb8 {[%clk 0:52:54]} 20. Qd7 {[%clk 0:47:19]} 20... Qe8
{[%clk 0:49:57]} 21. Qxe8 {[%clk 0:46:13]} 21... Rfxe8 {[%clk 0:49:10]} 22.
Rfc1 {[%clk 0:46:01]} 22... Ne7 {[%clk 0:44:25]} 23. Bg5 {[%clk 0:42:38]} 23...
Rac8 {[%clk 0:43:15]} 24. Rc7 24... Rxc7 {[%clk 0:41:10]} 25. Rxc7 { [%clk
0:41:58]} 25... Nc8 {[%clk 0:32:09]} 26. Nd2 {[%clk 0:39:46]} 26... h6 { [%clk
0:30:39]} 27. Be3 {[%clk 0:39:25]} 27... Ne7 {[%clk 0:28:21]} 28. Nb1 { [%clk
0:38:23]} 28... Nf5 {[%clk 0:27:53]} 29. Nc3 {[%clk 0:36:11]} 29... b4 { [%clk
0:26:29]} 30. Ne2 {[%clk 0:35:06]} 30... Ra8 {[%clk 0:24:10]} 31. Nc1 { [%clk
0:34:40]} 31... h5 {[%clk 0:20:01]} 32. Rc6 {[%clk 0:33:59]} 32... Ra6 { [%clk
0:19:10]} 33. Kf1 {[%clk 0:32:49]} 33... Ne7 {[%clk 0:16:55]} 34. Rc7 { [%clk
0:32:31]} 34... Nf5 {[%clk 0:17:09]} 35. Ke2 {[%clk 0:31:00]} 35... Nxe3 {[%clk
0:16:22]} 36. fxe3 {[%clk 0:29:46]} 36... Bh6 {[%clk 0:16:00]} 37. Rc8+ {[%clk
0:29:36]} 37... Kg7 {[%clk 0:15:34]} 38. Rc2 {[%clk 0:29:20]} 38... Kh7 {[%clk
0:14:58]} 39. Kf3 {[%clk 0:28:20]} 39... g5 {[%clk 0:14:18]} 40. Nd3 { [%clk
0:28:04]} 40... Bf8 {[%clk 0:13:48]} 41. Ke2 {[%clk 0:26:00]} 41... Ra8 { [%clk
0:10:51]} 42. Kd1 {[%clk 0:25:53]} 42... Kg6 {[%clk 0:09:15]} 43. Kc1 { [%clk
0:23:01]} 43... Kf5 {[%clk 0:06:53]} 44. Nf2 {[%clk 0:22:23]} 44... g4 { [%clk
0:03:45]} 45. Rc7 {[%clk 0:21:09]} 45... Kg6 {[%clk 0:02:31]} 46. Kb1 { [%clk
0:20:10]} 46... Bh6 {[%clk 0:00:58]} 47. Nd1 {[%clk 0:20:33]} 47... Rb8 { [%clk
0:27:49]} 48. Rc6 {[%clk 0:50:31]} 48... Kf5 {[%clk 0:27:22]} 49. Rc7 { [%clk
0:50:34]} 49... Kg6 {[%clk 0:27:26]} 50. Kb2 {[%clk 0:50:41]} 50... Ra8 { [%clk
0:27:21]} 51. Rc6 {[%clk 0:49:55]} 51... Rb8 {[%clk 0:26:23]} 52. a3 { [%clk
0:49:48]} 52... bxa3+ {[%clk 0:25:43]} 53. Kxa3 {[%clk 0:50:16]} 53... Ra8+
{[%clk 0:25:52]} 54. Kb2 {[%clk 0:50:31]} 54... Rb8 {[%clk 0:23:43]} 55. Kc3
{[%clk 0:50:00]} 55... Ra8 {[%clk 0:20:38]} 56. Kb2 {[%clk 0:49:13]} 56... Rb8
{[%clk 0:19:59]} 57. g3 {[%clk 0:47:16]} 57... Rb7 {[%clk 0:18:18]} 58. Kc3
{[%clk 0:46:54]} 58... Ra7 {[%clk 0:17:01]} 59. Kb2 {[%clk 0:43:29]} 59... Rb7
{[%clk 0:17:01]} 60. b4 {[%clk 0:41:48]} 60... b5 {[%clk 0:16:23]} 61. Kb3 {
[%clk 0:39:31]} 61... Kf5 {[%clk 0:13:37]} 62. Rc5 {[%clk 0:37:18]} 62... Bf8 {
[%clk 0:10:00]} 63. Rc3 {[%clk 0:36:55]} 63... Bh6 {[%clk 0:09:16]} 64. Nf2 {
[%clk 0:35:42]} 64... Kg6 {[%clk 0:08:03]} 65. e4 {[%clk 0:34:22]} 65... dxe4 {
[%clk 0:06:47]} 66. Nxe4 {[%clk 0:34:43]} 66... Bf8 {[%clk 0:06:19]} 67. Rc8 {
[%clk 0:30:44]} 67... Be7 {[%clk 0:04:55]} 68. Nc5 {[%clk 0:29:37]} 68... Rb6 {
[%clk 0:04:30]} 69. Rc7 {[%clk 0:29:24]} 69... Bd8 {[%clk 0:04:15]} 70. Rd7 {
[%clk 0:28:15]} 70... Bg5 {[%clk 0:03:51]} 71. Rd6 {[%clk 0:25:17]} 71... Rb8 {
[%clk 0:02:28]} 72. d5 {[%clk 0:24:21]} 72... Kf5 {[%clk 0:02:06]} 73. dxe6 {
[%clk 0:24:22]} 73... Kxe5 {[%clk 0:02:26]} 74. Ra6 {[%clk 0:24:16]} 74... Rb7
{[%clk 0:01:38]} 75. Nxb7 {[%clk 0:24:31]} 75... fxe6 76. Nc5 {[%clk 0:24:41]}
76... Kd5 {[%clk 0:02:08]} 77. Nxe6 {[%clk 0:24:10]} 77... Be3 {[%clk 0:02:06]}
78. Nc7+ {[%clk 0:24:19]} 78... Kd4 {[%clk 0:02:14]} 79. Nxb5+ {[%clk 0:24:38]}
79... Kd5 {[%clk 0:02:29]} 80. Ra2 {[%clk 0:23:54]} 80... Kc6 {[%clk 0:02:48]}
81. Kc4 {[%clk 0:23:59]} 81... Bg5 {[%clk 0:02:44]} 82. Nd4+ {[%clk 0:23:55]}
82... Kb6 {[%clk 0:02:46]} 83. b5 {[%clk 0:23:52]} 83... Bd8 {[%clk 0:02:58]}
84. Ra6+ {[%clk 0:24:06]} 84... Kb7 {[%clk 0:03:20]} 85. Rh6 {[%clk 0:24:02]}
1-0